000 00344nam a2200133Ia 4500
005 20250424120223.0
008 250424s9999 xx 000 0 und d
050 _aAmbrose Alli university law journal
245 0 _aEkpoma
260 _aFaculty of Law, Ambrose Alli University
260 _b2012
260 _civ. 176 p. ; 25 cm.
650 _aSR
999 _c38070
_d38070